00602nam a2200133Ia 4500008004100000100002700041245010200068245015000170260005300320260000900373300001000382650001500392856006100407170221s9999 xx 000 0 und d aRaushaniia I. Zinurova 4aThe Management of Russian Universities on the Basis of International Education Quality Standards  cRaushaniia I. Zinurova, Svetlana S. Berman, Andrey R. Tuzikov, Elvira B. Gayazova, Evgenia I. Stayzhkina, Veronika R. Medvedeva, Irina A. Frolova bInternational Review of Management and Marketing c2017 a7 : 1 xMarketing. uhttp://www.econjournals.com/index.php/irmm/issue/view/71